An exegetical study of the phrase "ἐν Χριστῷ "from Paul's writing with special emphasis on Ephesians 1: 3&4 ; and 4:32 (Record no. 10490)

MARC details
000 -LEADER
fixed length control field 00507nam a22001577a 4500
003 - CONTROL NUMBER IDENTIFIER
control field GBCCL
005 - DATE AND TIME OF LATEST TRANSACTION
control field 20241126110733.0
008 - FIXED-LENGTH DATA ELEMENTS--GENERAL INFORMATION
fixed length control field 240814b ||||| |||| 00| 0 eng d
040 ## - CATALOGING SOURCE
Transcribing agency gbc
082 ## - DEWEY DECIMAL CLASSIFICATION NUMBER
Classification number ARC GBC-2023
Item number PHU
100 ## - MAIN ENTRY--PERSONAL NAME
Personal name Phungminthang, S
9 (RLIN) 18264
245 ## - TITLE STATEMENT
Title An exegetical study of the phrase "ἐν Χριστῷ "from Paul's writing with special emphasis on Ephesians 1: 3&4 ; and 4:32
260 ## - PUBLICATION, DISTRIBUTION, ETC.
Place of publication, distribution, etc. New Lamka :
Name of publisher, distributor, etc. Grace Bible college,
Date of publication, distribution, etc. 2023
300 ## - PHYSICAL DESCRIPTION
Extent 47p. ;
Dimensions 28cm
942 ## - ADDED ENTRY ELEMENTS (KOHA)
Source of classification or shelving scheme Dewey Decimal Classification
Koha item type Thesis
Holdings
Withdrawn status Lost status Source of classification or shelving scheme Damaged status Not for loan Home library Current Library Shelving location Date acquired Total checkouts Full call number Barcode Date last seen Copy number Price effective from Koha item type
    Dewey Decimal Classification     GRACE BIBLE COLLEGE GRACE BIBLE COLLEGE Archives 2024-08-14   ARC GBC-2023 PHU 025200 2025-05-01 c.1 2024-08-14 Thesis
© Grace Bible College Library 2025